ARRUPE JESUIT UNIVERSITY

CORONAVIRUS -STOP THE SPREAD - CLEAN,DISINFECT,COVER

Being ecological / (Record no. 127877)

MARC details
000 -LEADER
fixed length control field 01094cam a22003018i 4500
001 - CONTROL NUMBER
control field 20032541
003 - CONTROL NUMBER IDENTIFIER
control field ARRUPE
005 - DATE AND TIME OF LATEST TRANSACTION
control field 20180411084807.0
008 - FIXED-LENGTH DATA ELEMENTS--GENERAL INFORMATION
fixed length control field 170925s2018 mau b 001 0 eng
010 ## - LIBRARY OF CONGRESS CONTROL NUMBER
LC control number 2017040950
020 ## - INTERNATIONAL STANDARD BOOK NUMBER
International Standard Book Number 9780262038041 (hardcover : alk. paper)
040 ## - CATALOGING SOURCE
Original cataloging agency DLC
Language of cataloging eng
Description conventions rda
Transcribing agency DLC
042 ## - AUTHENTICATION CODE
Authentication code pcc
050 00 - LIBRARY OF CONGRESS CALL NUMBER
Classification number QH541.13
Item number .M67 2018
082 00 - DEWEY DECIMAL CLASSIFICATION NUMBER
Classification number 577
Edition number 23
300 ## - PHYSICAL DESCRIPTION
Dimensions 19cm.
100 1# - MAIN ENTRY--PERSONAL NAME
Personal name Morton, Timothy,
Dates associated with a name 1968-
Relator term author.
9 (RLIN) 41345
245 10 - TITLE STATEMENT
Title Being ecological /
Statement of responsibility, etc Timothy Morton.
260 ## - PUBLICATION, DISTRIBUTION, ETC. (IMPRINT)
Place of publication, distribution, etc United Kingdom
Name of publisher, distributor, etc Pelican Books
Date of publication, distribution, etc 2018
263 ## - PROJECTED PUBLICATION DATE
Projected publication date 1801
300 ## - PHYSICAL DESCRIPTION
Extent x, 228p. ;
504 ## - BIBLIOGRAPHY, ETC. NOTE
Bibliography, etc Includes bibliographical references and index.
650 #0 - SUBJECT ADDED ENTRY--TOPICAL TERM
Topical term or geographic name as entry element Ecology
Form subdivision Popular works.
9 (RLIN) 41346
906 ## - LOCAL DATA ELEMENT F, LDF (RLIN)
a 7
b cbc
c orignew
d 1
e ecip
f 20
g y-gencatlg
942 ## - ADDED ENTRY ELEMENTS (KOHA)
Source of classification or shelving scheme Library of Congress Classification
Koha item type Monograph ( Printed materials)
Holdings
Withdrawn status Lost status Source of classification or shelving scheme Damaged status Not for loan Collection code Home library Current library Shelving location Date acquired Total Checkouts Full call number Barcode Date last seen Date checked out Price effective from Koha item type
    Library of Congress Classification     Main Collection ARRUPE LIBRARY ARRUPE LIBRARY Main Collection 11/04/2018 1 QH541.13 .M67 2018 46600001729 02/07/2019 24/10/2018 11/04/2018 Monograph ( Printed materials)

 

Arrupe Library. PO Box MP320 Mt Pleasant, Harare, Zimbabwe
263 242 745411|librarian@aju.ac.zw